Zmeny v sociálnom zabezpečení od 1. augusta 2004
Dňa 1. 8. 2004 nadobudol účinnosť zákon č. 439/2004 Z.z., ktorým sa mení a dopĺňa zákon č. 461/2003 Z.z. o sociálnom poistení v znení neskorších predpisov a o zmene a doplnení niektorých zákonov. V zmysle tohto zákona niektoré zmeny a doplnenia nadobudli účinnosť od 1. 8. 2004 a niektoré zmeny a dop...
Salvato in:
| Autore principale: | |
|---|---|
| Natura: | Capitolo di libro |
| Lingua: | slovacco |
| Soggetti: | |
| Tags: |
Nessun Tag, puoi essere il primo ad aggiungerne!!
|
MARC
| LEADER | 00000naa$a2200000$$$4500 | ||
|---|---|---|---|
| 001 | 0022609 | ||
| 005 | 20231109113002.3 | ||
| 041 | 0 | |a slo | |
| 044 | |a SK | ||
| 245 | 1 | 0 | |a Zmeny v sociálnom zabezpečení od 1. augusta 2004 |c Zuzana Macková |
| 520 | |a Dňa 1. 8. 2004 nadobudol účinnosť zákon č. 439/2004 Z.z., ktorým sa mení a dopĺňa zákon č. 461/2003 Z.z. o sociálnom poistení v znení neskorších predpisov a o zmene a doplnení niektorých zákonov. V zmysle tohto zákona niektoré zmeny a doplnenia nadobudli účinnosť od 1. 8. 2004 a niektoré zmeny a doplnenia nadobúdajú účinnosť až od 1. 1. 2005. Prehľad najdôležitejších zmien a doplnení účinných od 1. 8. 2004. | ||
| 610 | 2 | 0 | |a zabezpečenie sociálne |
| 610 | 2 | 0 | |a zákony |
| 610 | 2 | 0 | |a novelizácia |
| 610 | 2 | 0 | |a úrazy pracovné |
| 610 | 2 | 0 | |a poistenie sociálne |
| 610 | 2 | 0 | |a zamestnávatelia |
| 610 | 2 | 0 | |a Slovensko |
| 610 | 2 | 0 | |a 2004 |
| 100 | 1 | |a Macková, Zuzana | |